header

Forcing for mathematicians / (Record no. 93894)

MARC details
000 -LEADER
fixed length control field 01622nam a2200397 i 4500
001 - CONTROL NUMBER
control field ebr10845314
003 - CONTROL NUMBER IDENTIFIER
control field CaPaEBR
006 - FIXED-LENGTH DATA ELEMENTS--ADDITIONAL MATERIAL CHARACTERISTICS--GENERAL INFORMATION
fixed length control field m o d
007 - PHYSICAL DESCRIPTION FIXED FIELD--GENERAL INFORMATION
fixed length control field cr cn|||||||||
008 - FIXED-LENGTH DATA ELEMENTS--GENERAL INFORMATION
fixed length control field 131203t20142014nju ob 001 0 eng|d
020 ## - INTERNATIONAL STANDARD BOOK NUMBER
Cancelled/invalid ISBN 9789814566001 (hardcover : alk. paper)
International Standard Book Number 9789814566018 (e-book)
040 ## - CATALOGING SOURCE
Original cataloging agency CaPaEBR
Language of cataloging eng
Description conventions rda
-- pn
Transcribing agency CaPaEBR
035 ## - SYSTEM CONTROL NUMBER
System control number (OCoLC)873140116
050 14 - LIBRARY OF CONGRESS CALL NUMBER
Classification number QA9.7
Item number .W435 2014eb
082 04 - DEWEY DECIMAL CLASSIFICATION NUMBER
Classification number 511.3/4
Edition number 23
100 1# - MAIN ENTRY--PERSONAL NAME
Personal name Weaver, Nik,
Relator term author.
245 10 - TITLE STATEMENT
Title Forcing for mathematicians /
Statement of responsibility, etc Nik Weaver (Washington University in St. Louis, USA).
264 #1 - PRODUCTION, PUBLICATION, DISTRIBUTION, MANUFACTURE, AND COPYRIGHT NOTICE
Place of production, publication, distribution, manufacture [Hackensack] New Jersey :
Name of producer, publisher, distributor, manufacturer World Scientific,
Date of production, publication, distribution, manufacture, or copyright notice [2014]
Date of production, publication, distribution, manufacture, or copyright notice �2014
300 ## - PHYSICAL DESCRIPTION
Extent 1 online resource (153 pages)
336 ## - CONTENT TYPE
Content type term text
Source rdacontent
337 ## - MEDIA TYPE
Media type term computer
Source rdamedia
338 ## - CARRIER TYPE
Carrier type term online resource
Source rdacarrier
504 ## - BIBLIOGRAPHY, ETC. NOTE
Bibliography, etc Includes bibliographical references and index.
588 ## - SOURCE OF DESCRIPTION NOTE
Source of description note Description based on print version record.
590 ## - LOCAL NOTE (RLIN)
Local note Electronic reproduction. Palo Alto, Calif. : ebrary, 2014. Available via World Wide Web. Access may be limited to ebrary affiliated libraries.
650 #0 - SUBJECT ADDED ENTRY--TOPICAL TERM
Topical term or geographic name as entry element Forcing (Model theory)
Topical term or geographic name as entry element Set theory.
Topical term or geographic name as entry element Axiom of choice.
Topical term or geographic name as entry element Continuum hypothesis.
655 #0 - INDEX TERM--GENRE/FORM
Genre/form data or focus term Electronic books.
776 08 - ADDITIONAL PHYSICAL FORM ENTRY
Display text Print version:
Main entry heading Weaver, Nik.
Title Forcing for mathematicians.
Place, publisher, and date of publication [Hackensack] New Jersey : World Scientific, [2014]
Physical description x, 142 pages
International Standard Book Number 9789814566001
Record control number (DLC)10845314
797 2# - LOCAL ADDED ENTRY--CORPORATE NAME (RLIN)
Corporate name or jurisdiction name as entry element ebrary.
856 40 - ELECTRONIC LOCATION AND ACCESS
Uniform Resource Identifier <a href="http://site.ebrary.com/lib/rucke/Doc?id=10845314">http://site.ebrary.com/lib/rucke/Doc?id=10845314</a>
Public note An electronic book accessible through the World Wide Web; click to view

No items available.

© 2026 Rongo University
Contact us: librarian | system librarian | Rongo university